000 003210000a22001450004500
003 MACL
040 _aMACL
090 _c32003
_d32001
100 _aHolzner, Steven
245 _aMastering Visual J++
260 _bBPB Publications
_c1997
350 _a450
650 _aComputer Programming
942 _cBOOK
_k005.118/HOL
999 _c31680
_d31680